Les pays qui commencent par la lettre C - Statistiques

Statistiques générales
  • Ce quiz a été pris 366 fois
  • Le résultat moyen est 11 sur 16
Statistiques - réponses
Population Pays % Correct
1,40MD Chine
95%
41,29M Canada
90%
3,86M Croatie
80%
52,89M Colombie
76%
19,76M Chili
74%
29,12M Cameroun
73%
26,4M Corée du Nord
73%
51,75M Corée du Sud
73%
109,3M République démocratique du Congo
72%
17,64M Cambodge
70%
1,35M Chypre
64%
5,13M Costa Rica
60%
10,98M Cuba
60%
866,62K Comores
57%
524,87K Cap Vert
51%
31,93M Côte d'Ivoire
49%
Aucun quiz correspondant
Distribution des résultats
% des personnes avec chaque résultat
Percentile par nombre de réponses
Votre historique - résultats
Vous n’avez pas pris ce quiz